Smart dog (Record no. 125299)
[ view plain ]
| 000 -LÍDER | |
|---|---|
| campo de controle de tamanho fixo | 01178 a2200217 4500 |
| 001 - NÚMERO DE CONTROLE | |
| campo de controle | 125299 |
| 020 ## - ISBN - INTERNATIONAL STANDARD BOOK NUMBER | |
| ISBN - International Standard Book Number | 9780545060707 |
| 040 ## - FONTE DA CATALOGAÇÃO | |
| Instituição que transcreveu o registro | Escola Canadense de Niteroi |
| 090 ## - NÚMERO DE CHAMADA LOCAL | |
| Número de chamada (OCLC) (R); Número de chamada, CALL (RLIN) (NR) | VEL |
| 100 ## - ENTRADA PRINCIPAL--NOME PESSOAL | |
| Nome pessoal | Velde, Vivian Vande |
| 245 10 - TÍTULO | |
| Título | Smart dog |
| 260 ## - PUBLICAÇÃO, DISTRIBUIÇÃO, ETC. | |
| Local de publicação, distribuição, etc. | USA |
| 300 ## - DESCRIÇÃO FÍSICA | |
| Extensão | 146 p. |
| Dimensões | 4 x 5.12 x 0.49 inches (paperback) |
| 362 0# - DATAS DE PUBLICAÇÃO E/OU DESIGNAÇÃO SEQUENCIAL | |
| Datas de publicação e/ou designação sequencial | 2008 |
| 520 ## - NOTA DE RESUMO, ETC | |
| Resumo, etc. | Amy Prochenko is only in fifth grade, but she already has a sixth grader's problems: She is wildly unpopular, she is the target of prissy Kaitlyn Walker's nastiness, and everyone thinks she and the dweebiest boy in class are an item. Then one day Amy meets Sherlock, a dog on the run from a university lab. Sherlock is not like other dogs: He can talk, he's smarter than most of Amy's classmates--and he needs Amy's help. Suddenly Amy's life is full of danger and excitement, and she finds she is becoming, of all things, popular. Best of all, she finds in Sherlock the sort of friend she's always longed for--the sort of friend she must protect no matter what the cost. |
| 650 #4 - ASSUNTO--TERMO TÓPICO | |
| Cabeçalho tópico ou nome geográfico | Children's Literature |
| 650 #4 - ASSUNTO--TERMO TÓPICO | |
| Cabeçalho tópico ou nome geográfico | School Life |
| 650 #4 - ASSUNTO--TERMO TÓPICO | |
| Cabeçalho tópico ou nome geográfico | Human and Animal Relations |
| 650 #4 - ASSUNTO--TERMO TÓPICO | |
| Cabeçalho tópico ou nome geográfico | Teenagers Life |
| 942 ## - ELEMENTOS DE ENTRADA ADICIONADOS (KOHA) | |
| Tipo de material Koha | Livros |
| Situação do descarte | Situação das perdas | Situação física | Não pode ser emprestado | Biblioteca de origem | Biblioteca atual | Data de aquisição | Total de empréstimos | Número de chamada completo | Código de barras | Data de último acesso | Data do último empréstimo | Data do preço efetivo | Tipo de material Koha |
|---|---|---|---|---|---|---|---|---|---|---|---|---|---|
| Canadian School of Niterói - Piratininga | Canadian School of Niterói - Piratininga | 09/02/2024 | 1 | VEL | A29540 | 14/03/2024 | 07/03/2024 | 09/02/2024 | Livros |